Strzelcy bramek w 2 kolejce Premier League 2021/22. - Statystyki

Ogólne statystyki
  • Ten quiz został rozwiązany 43 razy
  • Średni wynik to 11 z 25
Statystyki odpowiedzi
Mecz Piłkarz % Poprawnych
Liverpool - Burnley 2:0 Mane
90%
Manchester City - Norwich 4:0 Sterling
78%
Manchester City - Norwich 5:0 Mahrez
70%
Arsenal - Chelsea 0:1 Lukaku
63%
Manchester City - Norwich 2:0 Grealish
60%
Liverpool - Burnley 1:0 Jota
60%
West Ham - Leicester 3:1 Antonio
58%
West Ham - Leicester 4:1 Antonio
58%
Leeds - Everton 1:1 Klich
58%
Aston Villa - Newcastle 1:0 Ings
53%
Arsenal - Chelsea 0:2 James
48%
Leeds - Everton 0:1 Calvert-Lewin
43%
Southampton - Manchester United 1:1 Greenwood
43%
Brighton - Watford 2:0 Maupay
40%
West Ham - Leicester 2:0 Benrahma
33%
West Ham - Leicester 1:0 Fornals
30%
Southampton - Manchester United 1:0 (Bramka Samobójcza) Fred
30%
Manchester City - Norwich 1:0 (Bramka Samobójcza) Krul
28%
Manchester City - Norwich 3:0 Laporte
28%
Wolves - Tottenham 0:1 Alli
25%
Aston Villa - Newcastle 2:0 El-Ghazi
25%
Leeds - Everton 2:2 Raphinha
25%
West Ham - Leicester 2:1 Tielemans
23%
Leeds - Everton 1:2 Gray
18%
Brighton - Watford 1:0 Duffy
10%
Nie znaleziono quizów pasujących do podanych kryteriów
Rozkład punktacji
Procent ludzi z każdym wynikiem
Percentyl według liczby udzielonych odpowiedzi
Twoja historia wyników
Nie rozwiązałeś tego quizu